La nueva dirección de proyectos : herramientas para un era de cambios rápidos (Registro nro. 7871)
[ vista simple ]
| 000 -Cabecera | |
|---|---|
| Campo de control de longitud fija | 00928aam a2200301 4500 |
| 005 - Fecha y hora de la última transacción | |
| Campo de control | 20250618190539.0 |
| 008 - Elementos de longitud fija--Información general | |
| Campo de control de longitud fija | 150720b xxu||||| |||| 00| | spa d |
| 020 ## - International Standard Book Number | |
| Número Internacional Estándar del Libro (ISBN) | 9789506411275 |
| 041 ## - Idioma | |
| Código de idioma | |
| 082 ## - Clasificación Decimal Dewey | |
| Número de clasificación | 658.404 F813n |
| 100 ## - Entrada principal--Autor personal | |
| Nombre personal | Frame, J. Davidson |
| 9 (RLIN) | 7231 |
| 245 ## - Título propiamente dicho | |
| Título | La nueva dirección de proyectos : herramientas para un era de cambios rápidos |
| 260 ## - Pie de imprenta | |
| Lugar de publicación, distribución, etc. | Argentina |
| Nombre del editor, distribuidor, etc. | Granica |
| Fecha de publicación, distribución, etc. | 2011 |
| 300 ## - Descripción física | |
| Extensión | 416 páginas |
| 650 ## - Materia general | |
| Temática (materia general) | GERENCIA DE PROYECTOS |
| 650 ## - Materia general | |
| Temática (materia general) | LA NUEVA DIRECCIÓN DE PROYECTOS |
| 650 ## - Materia general | |
| Temática (materia general) | ADMINISTRACION DE PROYECTOS |
| 650 ## - Materia general | |
| Temática (materia general) | DIRECCIÓN DE PROYECTOS |
| 650 ## - Materia general | |
| Temática (materia general) | PLANEACION DE PROYECTOS |
| 650 ## - Materia general | |
| Temática (materia general) | CONTROL DE PROYECTOS |
| 650 ## - Materia general | |
| Temática (materia general) | FACTORES DE CAMBIO |
| 650 ## - Materia general | |
| Temática (materia general) | MANEJO DE RIESGOS |
| 650 ## - Materia general | |
| Temática (materia general) | SELECCIÓN DE PROYECTOS |
| 650 ## - Materia general | |
| Temática (materia general) | PLAZOS DE LOS PROYECTOS |
| 650 ## - Materia general | |
| Temática (materia general) | IDENTIFICACIÓN DE CLIENTES |
| 650 ## - Materia general | |
| Temática (materia general) | CONTROL DE COSTOS |
| 942 ## - Punto de acceso adicional KOHA | |
| Tipo de ítem KOHA | Libro |
| Fuente del sistema de clasificación o colocación | Dewey Decimal Classification |
| Signatura completa | Código de barras | Programa Académico | Tipo de ítem |
|---|---|---|---|
| 658.404 F813n | 20859 | Dirección y Administración de Empresas | Libro |